000 03676nam0a2200433 4500
001 RU\NLR\bibl\819916
005 20260405080855.0
021 _aRU
_b2005-13967
_9710
035 _aRSL-KNO-002581340
035 _a(NLR Aleph) 000808832
090 _a1228177
_c1228177
100 _a20050314d2004 |||y0rusy50 ca
101 0 _arus
102 _aRU
105 _aa |||||||||
106 _ar
200 1 _aУправление самостоятельной работой студентов-заочников в межсессионный период
_eучеб.-метод. пособие для преподавателей вузов, обучающих студентов заоч. формы обучения с.-х. спец.
_fЛ.Ю. Киселев, М.В. Кузьмин, А.Н. Батищев [и др.]
_g[под ред. проф. М.В. Кузьмина]
_gМ-во сел. хоз-ва Рос. Федерации, Деп. науч.-техн. политики и образования, Рос. гос. аграр. заоч. ун-т
210 _aМ.
_cИзд-во РГАЗУ
_d2004
215 _a135 с.
_cил.
_d21
300 _aНа 135-й с. авт.: Л.Ю. Киселев - засл. деят. науки Рос. Федерации, М.В. Кузьмин - проф., чл.-корр. Междунар. акад. аграр. образования, А.Н. Батищев - проф., засл. деят. науки Рос. Федерации
320 _aБиблиогр.: с. 122-123 (31 назв.)
606 1 _aВысшие сельскохозяйственные учебные заведения
_jМетодические пособия
_xЗаочное обучение
_92119607
_3RU\NLR\AUTH\661583696
610 0 _aКультура. Наука. Просвещение -- Народное образование. Педагогические науки -- Высшее образование. Педагогика высшей школы -- Педагогика высшей школы -- Российская Федерация -- Дидактика -- Организационные формы обучения -- Самостоятельная работа студентов -- Учебно-методическое пособие для повышения квалификации
610 0 _aКультура. Наука. Просвещение -- Народное образование. Педагогические науки -- Высшее образование. Педагогика высшей школы -- Педагогика высшей школы -- Российская Федерация -- Обучение без отрыва от производства -- Заочное образование -- Учебно-методическое пособие для повышения квалификации
686 _aЧ481,6(2)267я77-14
_2rubbk
686 _aЧ481,6(2)63я77-14
_2rubbk
686 _aЧ488.84(2)763
701 1 _4070
_8rus
_7ca
_aКиселев
_bЛ.Ю.
_cд-р с.-х. наук
_gЛеонид Юрьевич
_3RU\NLR\auth\7727942
_910973
701 1 _4070
_8rus
_7ca
_aКузьмин
_bМ.В.
_cд-р техн. наук, сельс. хоз-во
_gМстислав Витальевич
_3RU\NLR\auth\7727945
_910976
701 1 _aБатищев
_bА. Н.
_gАлексей Никифорович
_4070
702 1 _aКузьмин
_bМ. В.
_4340
801 0 _aRU
_bRuMoRKP
_c20050314
_grcr
801 1 _aRU
_bRuMoRGB
_c20050314
801 2 _aRU
_bNLR
_c20050714
_gPSBO
830 _a1-й, 3-й авт. по эк, 2-го нераскрыть
942 _cBOOK
980 _aNB